Structure and interpretation of computer programs /

Guardado en:
Autor Principal: Abelson, Harold.
Otros Autores: Sussman, Gerald Jay., Sussman, Julie.
Formato: Libro
Idioma:English
Publicado: Cambridge, Mass. : New York : MIT Press ; McGraw-Hill, c1985.
Series:The MIT electrical engineering and computer science series
Materias:
Etiquetas: Agregar Etiqueta
Sin Etiquetas, Sea el primero en etiquetar este registro!
LEADER 00971cam a2200265 a 4500
001 MAT.inmabb006169
008 840417s1985####maua#####b####001#0#eng##
005 20130404090536.0
245 1 0 |a Structure and interpretation of computer programs /  |c Harold Abelson and Gerald Jay Sussman, with Julie Sussman ; foreword by Alan J. Perlis. 
260 |a Cambridge, Mass. :  |b MIT Press ;  |a New York :  |b McGraw-Hill,  |c c1985. 
300 |a xx, 542 p. :  |b il. ;  |c 24 cm. 
440 4 |a The MIT electrical engineering and computer science series 
504 |a Bibliografía: p. [505]-509. 
500 |a Incluye índice. 
020 |a 0262010771 
020 |a 0070004226 (McGraw-Hill) 
100 1 |a Abelson, Harold. 
700 1 |a Sussman, Gerald Jay. 
700 1 |a Sussman, Julie. 
650 0 |a Computer programming. 
650 0 |a LISP (Computer program language) 
084 |a 68Nxx  |2 msc2000 
010 |a  84009688  
040 |a DLC  |c DLC  |d DLC 
859 |h 68  |i Ab141  |p A-5814  |b BIB. MATEMATICA